000 00833cam a2200241 a 4500
001 4509323
005 20250223134250.0
008 981106s1999 paua b 001 0 eng c
020 _a9780781716246
050 0 0 _aRJ245
_b.P538 1999
082 0 0 _a610.73/62
_221
100 1 _aPillitteri, Adele.
245 1 0 _aChild health nursing :
_bcare of the child and family /
_cAdele Pillitteri.
260 _aPhiladelphia :
_bLippincott Williams & Wilkins,
_cc1999.
300 _axxx, 1196 p. :
_bill. (chiefly col.) ;
_c29 cm. +
_e1 laser optical disc (4 3/4 in.).
650 0 _aPediatric nursing.
650 0 _aChild care.
650 1 2 _aNursing Care
_xin infancy & childhood.
650 2 2 _aPediatric Nursing
_xmethods.
650 2 2 _aMaternal-Child Nursing
_xmethods.
650 2 2 _aFamily Health
_vnurses' instruction.
942 _2lcc
_cBK
_n0
999 _c4191
_d4191